[Event "European Senior Chess Championship 2018"]
[Site "Drammen, Norway"]
[Date "2018.08.03"]
[Round "4"]
[White "Bergquist, Rune"]
[Black "Kopperud, Vidar Aleksander"]
[Result "1/2-1/2"]
[WhiteElo "1566"]
[BlackElo "1742"]
[PlyCount "89"]
[EventDate "2018.??.??"]

1. d4 Nf6 2. c4 e6 3. Nc3 Bb4 4. e3 c5 5. Bd3 O-O 6. Nge2 b6 7. O-O Bxc3 8.
Nxc3 Bb7 9. f3 d5 10. Ne2 Nc6 11. cxd5 exd5 12. Bd2 Re8 13. Rc1 Qd6 14. Ng3 g6
15. Bb5 Re7 16. Bxc6 Bxc6 17. dxc5 bxc5 18. Re1 Rd8 19. Nf1 Nd7 20. Bc3 Bb5 21.
e4 d4 22. Bd2 Qb6 23. Bg5 f6 24. Bh4 Ne5 25. a4 Ba6 26. a5 Qc6 27. b4 Nd3 28.
Rxc5 Nxc5 29. bxc5 Qxc5 30. Bxf6 d3+ 31. Kh1 Red7 32. Nd2 Qc2 33. Bh4 Rb8 34.
Bf2 Rb2 35. Be3 Bb5 36. Qc1 Rc7 37. Qa1 Rc3 38. Rf1 Ra2 39. Qe1 Rca3 40. Qg3
Qc8 41. Qe5 Qe8 42. Qd5+ Kg7 43. Bd4+ Kh6 44. Be3+ Kg7 45. Bd4+
1/2-1/2

[Event "European Senior Chess Championship 2018"]
[Site "Drammen, Norway"]
[Date "2018.08.03"]
[Round "4"]
[White "Warstad, Leif E"]
[Black "Stubrud, Jan Magne"]
[Result "0-1"]
[WhiteElo "1564"]
[BlackElo "1667"]
[PlyCount "62"]
[EventDate "2018.??.??"]

1. d4 Nf6 2. Nf3 d5 3. c4 Bf5 4. Nc3 e6 5. e3 Bb4 6. Bd2 O-O 7. Be2 c5 8. O-O
Nc6 9. cxd5 exd5 10. a3 Bxc3 11. Bxc3 c4 12. Rc1 b5 13. Ne5 Qc7 14. f4 a5 15.
g4 Bc8 16. Kh1 Ne4 17. Qe1 Re8 18. Qh4 b4 19. axb4 axb4 20. Be1 Ra2 21. Bf3
Rxb2 22. Bxe4 dxe4 23. Nxc4 Na5 24. Nxb2 Qxc1 25. Qf2 Nc4 26. Nxc4 Qxc4 27. Rg1
Bb7 28. Qb2 b3 29. Bf2 Rc8 30. Kg2 Qd3 31. Rb1 Bd5
0-1

[Event "European Senior Chess Championship 2018"]
[Site "Drammen, Norway"]
[Date "2018.08.03"]
[Round "4"]
[White "Eng, Thor"]
[Black "Hanssen, John Christian"]
[Result "0-1"]
[WhiteElo "1429"]
[BlackElo "1570"]
[PlyCount "111"]
[EventDate "2018.??.??"]

1. e4 e5 2. d4 exd4 3. c3 dxc3 4. Nxc3 Bb4 5. Bd2 d6 6. a3 Bc5 7. Bc4 h6 8. Nf3
Nc6 9. O-O Nf6 10. h3 O-O 11. b4 Bb6 12. Bf4 Be6 13. Bd5 Bxd5 14. exd5 Ne7 15.
Qd3 Ng6 16. Qd2 Nxf4 17. Qxf4 Re8 18. Rae1 Qd7 19. g4 Nh7 20. Ne4 Qd8 21. g5
hxg5 22. Nfxg5 Nxg5 23. Nxg5 Qf6 24. Qxf6 gxf6 25. Ne4 Bd4 26. Kh1 Kh8 27. Rg1
Rg8 28. Rg4 Rxg4 29. hxg4 Re8 30. f3 Kg7 31. Kg2 Re5 32. Rc1 Re7 33. a4 b6 34.
b5 Kg6 35. Rd1 Bc5 36. Kg3 Re5 37. a5 bxa5 38. Nxc5 dxc5 39. Ra1 Rxd5 40. Rxa5
c4 41. Rxa7 Rc5 42. Ra1 c3 43. Rc1 c2 44. Kh4 f5 45. gxf5+ Kxf5 46. Kg3 Rc3 47.
Kf2 Kf4 48. Ke2 Ke5 49. Kd2 Kd4 50. f4 f5 51. Ke2 Re3+ 52. Kd2 Rd3+ 53. Ke2 Rc3
54. Kd2 Ke4 55. Rxc2 Rxc2+ 56. Kxc2
0-1

[Event "European Senior Chess Championship 2018"]
[Site "Drammen, Norway"]
[Date "2018.08.03"]
[Round "4"]
[White "Larsen, Per Magnus"]
[Black "Lie, Bjorn"]
[Result "1-0"]
[WhiteElo "1322"]
[BlackElo "1551"]
[PlyCount "85"]
[EventDate "2018.??.??"]

1. d4 Nf6 2. c4 g6 3. Nc3 d5 4. cxd5 Nxd5 5. e4 Nxc3 6. bxc3 Bg7 7. Nf3 c5 8.
Be3 O-O 9. Rc1 cxd4 10. cxd4 Nc6 11. Qd2 Bg4 12. d5 Bxf3 13. gxf3 Ne5 14. Be2
a6 15. Bh6 Rc8 16. Bxg7 Kxg7 17. O-O Qd7 18. Qd4 f6 19. Kg2 h5 20. Rfd1 Qd6 21.
Qe3 Rh8 22. f4 Ng4 23. Bxg4 hxg4 24. e5 Qd7 25. exf6+ exf6 26. Rxc8 Rxc8 27.
Qe6 Qxe6 28. dxe6 Re8 29. Rd7+ Kf8 30. Rf7+ Kg8 31. Rxf6 Kg7 32. Rf7+ Kh6 33.
Rxb7 Rxe6 34. Rb3 Re2 35. a3 Re4 36. Rb4 Re6 37. Ra4 Kh5 38. Kg3 Rb6 39. Ra5+
Rb5 40. Rxb5+ axb5 41. h3 gxh3 42. Kxh3 Kh6 43. Kg4
1-0

[Event "European Senior Chess Championship 2018"]
[Site "Drammen, Norway"]
[Date "2018.08.03"]
[Round "4"]
[White "Hansen, Roy Drange"]
[Black "Evensen, Per-Erik"]
[Result "0-1"]
[WhiteElo "1468"]
[BlackElo "1447"]
[PlyCount "101"]
[EventDate "2018.??.??"]

1. e4 c5 2. Nf3 Nc6 3. c3 d6 4. Be2 Nf6 5. d3 a6 6. a4 Bg4 7. Nbd2 g6 8. h3 Bd7
9. O-O Bg7 10. Nc4 Na5 11. Ne3 O-O 12. Qc2 Rc8 13. Bd2 Nc6 14. c4 Qb6 15. a5
Qc7 16. Bc3 e6 17. b3 Qb8 18. Qb2 e5 19. g4 Nd4 20. Bxd4 exd4 21. Nd5 Nxd5 22.
cxd5 b6 23. Nd2 bxa5 24. Rxa5 Qb7 25. Nc4 Qc7 26. Qd2 Bb5 27. Nb2 Qe7 28. f4
Rcd8 29. Nd1 h6 30. Ra2 Bf6 31. Kg2 g5 32. h4 gxf4 33. Qxf4 Bg7 34. Rh1 Qf6 35.
Qxf6 Bxf6 36. Nf2 Kg7 37. Bf3 Rg8 38. h5 Bg5 39. Nh3 Be3 40. Be2 Kh8 41. Rf1
Rde8 42. Rf6 Rg7 43. Rxd6 Reg8 44. Kg3 Bxd3 45. Bxd3 Rxg4+ 46. Kh2 Rh4 47.
Rxh6+ Bxh6 48. Bf1 Bf4+ 49. Kh1 Be3 50. Rxa6 Rg1+ 51. Kh2
0-1

[Event "European Senior Chess Championship 2018"]
[Site "Drammen, Norway"]
[Date "2018.08.03"]
[Round "5"]
[White "Agdestein, Simen"]
[Black "Holst, Conny"]
[Result "0-1"]
[WhiteElo "2576"]
[BlackElo "2147"]
[PlyCount "96"]
[EventDate "2018.??.??"]

1. d4 Nf6 2. c4 e6 3. Nc3 Bb4 4. e3 b6 5. Bd3 Bb7 6. Nf3 Ne4 7. O-O f5 8. Ne2
Bd6 9. a3 O-O 10. b4 Qf6 11. Qc2 Qh6 12. Ne5 Nc6 13. Qb2 g5 14. f3 Nf6 15. c5
Be7 16. Bb5 bxc5 17. Nxc6 Bxc6 18. Bxc6 dxc6 19. bxc5 Rab8 20. Qc2 Nd5 21. Qa4
Rb5 22. Qxa7 e5 23. Qa4 exd4 24. Nxd4 Rxc5 25. Bd2 Bd6 26. g3 f4 27. exf4 gxf4
28. g4 Qf6 29. Rae1 Ne3 30. Rf2 Rc4 31. Qb3 Qxd4 32. Bxe3 fxe3 33. Rc2 Rf4 34.
Kg2 Kg7 35. Rec1 Rxc2+ 36. Rxc2 Qd5 37. Qxe3 Rxg4+ 38. Kf2 Rg5 39. Qc3+ Qe5 40.
Qxe5+ Rxe5 41. a4 Ra5 42. Rc4 h5 43. h3 Kf6 44. Ke3 Rc5 45. Kd4 Rxc4+ 46. Kxc4
Bg3 47. Kc5 Bf2+ 48. Kxc6 Bb6
0-1

[Event "European Senior Chess Championship 2018"]
[Site "Drammen, Norway"]
[Date "2018.08.03"]
[Round "5"]
[White "Johansen, Arild"]
[Black "Blechzin, Igor"]
[Result "0-1"]
[WhiteElo "1935"]
[BlackElo "2250"]
[PlyCount "80"]
[EventDate "2018.??.??"]

1. Nf3 d5 2. d4 Nf6 3. c4 e6 4. Nc3 Be7 5. Bg5 O-O 6. e3 h6 7. Bh4 b6 8. Bd3
dxc4 9. Bxc4 Bb7 10. O-O Nbd7 11. Qe2 Ne4 12. Bxe7 Qxe7 13. Rac1 c5 14. Ba6
Ndf6 15. Bxb7 Qxb7 16. Rfd1 Rfd8 17. Nxe4 Nxe4 18. h3 Rd5 19. dxc5 bxc5 20. Qc2
Rad8 21. b3 Qb4 22. Rxd5 exd5 23. Rd1 f6 24. Nd2 Qc3 25. Qxc3 Nxc3 26. Ra1 d4
27. e4 Re8 28. f3 f5 29. a3 a5 30. Re1 a4 31. bxa4 fxe4 32. Nxe4 Nxe4 33. fxe4
c4 34. Kf2 c3 35. Rc1 Rxe4 36. a5 Re5 37. a6 Ra5 38. Ke2 Rxa6 39. Kd3 Ra4 40.
Ra1 Kf7
0-1

[Event "European Senior Chess Championship 2018"]
[Site "Drammen, Norway"]
[Date "2018.08.03"]
[Round "5"]
[White "Voll, Oddvar U"]
[Black "Zimmermann, Luc"]
[Result "0-1"]
[WhiteElo "1907"]
[BlackElo "2184"]
[PlyCount "44"]
[EventDate "2018.??.??"]

1. e4 c5 2. c3 Nf6 3. e5 Nd5 4. d4 cxd4 5. cxd4 d6 6. Nf3 Nc6 7. Bb5 Qa5+ 8.
Nc3 Nxc3 9. Bxc6+ bxc6 10. Qd2 dxe5 11. dxe5 e6 12. bxc3 Ba6 13. Qc2 Rd8 14.
Bf4 Be7 15. Nd2 O-O 16. f3 Bd3 17. Nb3 Qa4 18. Qc1 Ba3 19. Qe3 Bb2 20. Rd1
Bxc3+ 21. Kf2 Qxa2+ 22. Nd2 Bd4
0-1

[Event "European Senior Chess Championship 2018"]
[Site "Drammen, Norway"]
[Date "2018.08.03"]
[Round "5"]
[White "Rishovd, Svein"]
[Black "Kirppo, Ronny"]
[Result "1/2-1/2"]
[WhiteElo "2046"]
[BlackElo "1885"]
[PlyCount "139"]
[EventDate "2018.??.??"]

1. d4 Nf6 2. c4 e6 3. Nc3 Bb4 4. e3 b6 5. Nge2 Ne4 6. Qc2 Bb7 7. f3 Nxc3 8.
bxc3 Be7 9. e4 O-O 10. Be3 f5 11. exf5 exf5 12. O-O-O Nc6 13. Nf4 Bg5 14. Bd3
Ne7 15. h4 Bh6 16. Qd2 Bxf4 17. Bxf4 d5 18. Rde1 Qd7 19. h5 Rae8 20. Re2 dxc4
21. Bxc4+ Bd5 22. Bb3 Bxb3 23. axb3 Nd5 24. Be5 b5 25. g4 f4 26. Re4 Qc6 27.
Kb2 a5 28. h6 g6 29. Bg7 Rf7 30. Rhe1 Ne3 31. Rxe8+ Qxe8 32. Be5 g5 33. Qd3 c6
34. Ra1 Ra7 35. Bf6 Qe6 36. Bxg5 a4 37. Ra3 Rb7 38. d5 Nxd5 39. Qe4 Qf7 40. c4
bxc4 41. Qxc4 Rxb3+ 42. Rxb3 axb3 43. Qxc6 Nc7 44. Qb7 Ne6 45. Qb8+ Qf8 46.
Qxb3 Qf7 47. Qd5 Kf8 48. Bd8 Ke8 49. Bh4 Qg6 50. Qc6+ Kf7 51. Qd7+ Kg8 52. g5
Nf8 53. Qc7 Ne6 54. Qb8+ Kf7 55. Qe5 Ke7 56. Qf6+ Qxf6+ 57. gxf6+ Kf7 58. Kc3
Kg6 59. Kc4 Nd8 60. Kd5 Kxh6 61. Ke5 Kh5 62. Be1 Kg6 63. Bc3 Kf7 64. Kxf4 Ne6+
65. Kg4 Nf8 66. Kg5 Nd7 67. Bd4 Nf8 68. Kh6 Nd7 69. Kxh7 Nxf6+ 70. Bxf6
1/2-1/2

[Event "European Senior Chess Championship 2018"]
[Site "Drammen, Norway"]
[Date "2018.08.03"]
[Round "5"]
[White "Lystad, Frank"]
[Black "Harstad, Christian"]
[Result "0-1"]
[WhiteElo "1733"]
[BlackElo "1985"]
[PlyCount "96"]
[EventDate "2018.??.??"]

1. d4 Nf6 2. Bf4 d5 3. e3 c5 4. c3 Nc6 5. Nd2 Qb6 6. Qb3 c4 7. Qc2 g6 8. b3 Bf5
9. Qc1 cxb3 10. axb3 Bg7 11. Ngf3 Nh5 12. Bg3 Rc8 13. Qa3 O-O 14. Be2 Rfe8 15.
O-O a6 16. Rfc1 Nxg3 17. hxg3 e5 18. dxe5 Nxe5 19. Nd4 Nd3 20. Bxd3 Bxd3 21.
Qa5 Qd6 22. Qa3 Qd7 23. Qa5 Rc7 24. c4 dxc4 25. bxc4 Rec8 26. c5 Bxd4 27. exd4
Qxd4 28. Nf3 Qf6 29. Ra3 Bb5 30. Rac3 Bc6 31. Qb6 Rd7 32. Qb4 Rcd8 33. Kh2 Kg7
34. Rc4 Bxf3 35. Rf4 Qe5 36. gxf3 Qe6 37. Qc3+ Kg8 38. Re4 Qc6 39. Rce1 Rd5 40.
Rc1 Rd3 41. Qa5 Qd5 42. Rce1 Rxf3 43. Re8+ Rxe8 44. Rxe8+ Kg7 45. Kg1 Rd3 46.
Qa1+ Qd4 47. Qa5 Rd2 48. Re3 Rd1+
0-1

[Event "European Senior Chess Championship 2018"]
[Site "Drammen, Norway"]
[Date "2018.08.03"]
[Round "5"]
[White "Edvardsen, Ragnar"]
[Black "Stubrud, Jan Magne"]
[Result "1-0"]
[WhiteElo "1969"]
[BlackElo "1667"]
[PlyCount "57"]
[EventDate "2018.??.??"]

1. e4 e6 2. d4 d5 3. Nd2 Nf6 4. e5 Nfd7 5. f4 c5 6. c3 b6 7. Ngf3 Ba6 8. Bxa6
Nxa6 9. O-O Be7 10. Qe2 c4 11. Rf2 Nc7 12. Nf1 Nf8 13. Bd2 h6 14. g4 g6 15. Ng3
Kd7 16. f5 gxf5 17. gxf5 Bg5 18. Raf1 Nh7 19. Rg2 Rg8 20. Nxg5 Nxg5 21. Qh5 Qf8
22. Bxg5 Rxg5 23. fxe6+ Kxe6 24. Rf6+ Ke7 25. Nf5+ Ke8 26. Rxg5 hxg5 27. Nd6+
Kd8 28. Rxf7 Qg8 29. Qg4
1-0

[Event "European Senior Chess Championship 2018"]
[Site "Drammen, Norway"]
[Date "2018.08.03"]
[Round "5"]
[White "Krohg, Georg A"]
[Black "Syvertsen, Rolf E"]
[Result "1-0"]
[WhiteElo "1956"]
[BlackElo "1884"]
[PlyCount "81"]
[EventDate "2018.??.??"]

1. d4 e6 2. Nf3 f5 3. Bf4 Nf6 4. c4 Bb4+ 5. Nc3 O-O 6. Qb3 Bxc3+ 7. bxc3 d5 8.
h4 Nc6 9. cxd5 Qxd5 10. c4 Qa5+ 11. Bd2 Qb6 12. c5 Qxb3 13. axb3 Ne4 14. Bf4
Nb4 15. Rc1 Nd5 16. Be5 h6 17. e3 Bd7 18. Bc4 c6 19. Bd3 Ndf6 20. Nh2 Nd5 21.
f3 Nef6 22. Ke2 Be8 23. Bd6 Rf7 24. Nf1 Rd7 25. Nd2 Nh5 26. Be5 Nb4 27. Bc4 Bf7
28. g4 Nf6 29. g5 Nfd5 30. Rcg1 Kf8 31. gxh6 gxh6 32. Bg7+ Ke7 33. Bxh6 Rg8 34.
Bg7 Bh5 35. Rg5 Ke8 36. Rhg1 Rf7 37. Kf2 f4 38. e4 Nc7 39. Be5 Rxg5 40. Rxg5
Nc2 41. Rxh5
1-0

[Event "European Senior Chess Championship 2018"]
[Site "Drammen, Norway"]
[Date "2018.08.03"]
[Round "5"]
[White "Sielicki, Tomasz"]
[Black "Jorgensen, Asle"]
[Result "1-0"]
[WhiteElo "1956"]
[BlackElo "1628"]
[PlyCount "63"]
[EventDate "2018.??.??"]

1. d4 d5 2. Bg5 c6 3. e3 Qc7 4. Nf3 Nd7 5. Bf4 Qd8 6. c4 e6 7. Nc3 Ngf6 8. h3
dxc4 9. Bxc4 Nd5 10. Bg3 Nxc3 11. bxc3 Nf6 12. O-O Bd6 13. Bxd6 Qxd6 14. Qc2
O-O 15. e4 Qc7 16. e5 Nd5 17. Ng5 g6 18. Rac1 b5 19. Bb3 c5 20. Qe4 c4 21. Bd1
Kg7 22. Qh4 Rh8 23. Bf3 h6 24. Ne4 Bb7 25. Nc5 Rab8 26. Bxd5 Bxd5 27. Qf6+ Kh7
28. Na6 Qb7 29. Nxb8 Bxg2 30. Nd7 Qxd7 31. Kxg2 g5 32. Qf3
1-0

[Event "European Senior Chess Championship 2018"]
[Site "Drammen, Norway"]
[Date "2018.08.03"]
[Round "5"]
[White "Hanssen, John Christian"]
[Black "Van Den Bersselaar, Henri"]
[Result "1/2-1/2"]
[WhiteElo "1570"]
[BlackElo "1897"]
[PlyCount "119"]
[EventDate "2018.??.??"]

1. d4 d5 2. c4 e6 3. Nc3 c6 4. cxd5 exd5 5. Nf3 Be7 6. Bf4 Bf5 7. e3 Qb6 8. Qc1
Nf6 9. Be2 Nbd7 10. O-O O-O 11. h3 h6 12. a3 Rfe8 13. b4 Rac8 14. Na4 Qd8 15.
Nc5 Nxc5 16. bxc5 b5 17. cxb6 axb6 18. Ba6 Ra8 19. Bb7 Ra5 20. Ne5 Bd7 21. Bxc6
Bxc6 22. Qxc6 Rxa3 23. Rxa3 Bxa3 24. Ra1 Bb4 25. Rb1 Ba5 26. Rc1 Re6 27. Qc7
Qxc7 28. Rxc7 b5 29. Rxf7 Rxe5 30. Rxf6 gxf6 31. dxe5 Bc3 32. exf6 b4 33. Bd6
b3 34. Ba3 Bxf6 35. Kf1 b2 36. Bxb2 Bxb2 37. Ke2 Kf7 38. Kd3 Ke6 39. Kc2 Ba1
40. Kd3 Kf5 41. f3 Kg5 42. g3 Kf6 43. e4 d4 44. f4 h5 45. Kc4 Bb2 46. Kd3 Ke6
47. Ke2 Bc1 48. Kd3 Be3 49. g4 h4 50. g5 Bxf4 51. Kxd4 Bxg5 52. Kd3 Ke5 53. Ke2
Kf4 54. Kf2 Bd8 55. e5 Bb6+ 56. Kg2 Kxe5 57. Kf3 Kf5 58. Kg2 Kf4 59. Kh2 Kf3
60. Kh1
1/2-1/2

[Event "European Senior Chess Championship 2018"]
[Site "Drammen, Norway"]
[Date "2018.08.03"]
[Round "5"]
[White "Gonzalez Pabollet, Jesus Maria S"]
[Black "Eng, Thor"]
[Result "1-0"]
[WhiteElo "1818"]
[BlackElo "1429"]
[PlyCount "75"]
[EventDate "2018.??.??"]

1. e4 e6 2. d4 d5 3. exd5 exd5 4. c4 Nf6 5. Nc3 c6 6. Bd3 Be7 7. Nge2 O-O 8.
O-O dxc4 9. Bxc4 Nd5 10. Re1 Bg4 11. Qb3 Nb6 12. Bd3 N6d7 13. Nf4 Bd6 14. Ne4
Nb6 15. h3 Bxf4 16. Bxf4 Be6 17. Qc2 N8d7 18. Ng5 g6 19. Nxe6 fxe6 20. Bh6 Qf6
21. Bxf8 Rxf8 22. Re4 Nd5 23. a3 Nf4 24. Bf1 Qg5 25. Kh1 Nf6 26. Re5 Qh6 27.
Kg1 N6d5 28. Rae1 Qh4 29. R1e4 Qh6 30. g3 Nxh3+ 31. Bxh3 Qxh3 32. Rh4 Ne3 33.
Rxe3 Qf5 34. Qxf5 exf5 35. Re7 h5 36. Rxb7 Rd8 37. Rxa7 c5 38. dxc5
1-0

[Event "European Senior Chess Championship 2018"]
[Site "Drammen, Norway"]
[Date "2018.08.03"]
[Round "5"]
[White "Skar, Oystein"]
[Black "Gunnarsson, Lennart"]
[Result "1/2-1/2"]
[WhiteElo "1705"]
[BlackElo "1771"]
[PlyCount "48"]
[EventDate "2018.??.??"]

1. Nf3 Nf6 2. c4 c6 3. d4 d5 4. Nc3 e6 5. e3 Be7 6. Bd3 O-O 7. O-O Nbd7 8. b3
b6 9. Bb2 Bb7 10. Ne5 c5 11. Qe2 cxd4 12. exd4 Rc8 13. Rad1 Bd6 14. f4 h6 15.
Bb1 dxc4 16. Nxc4 Bb8 17. Ne5 Nxe5 18. fxe5 Nd5 19. Ne4 Ne7 20. Qh5 Nf5 21. Rf3
Bxe4 22. Bxe4 Bxe5 23. Bxf5 exf5 24. Qxf5 Bf6
1/2-1/2

[Event "European Senior Chess Championship 2018"]
[Site "Drammen, Norway"]
[Date "2018.08.03"]
[Round "5"]
[White "Andersen, Guttorm"]
[Black "Bergquist, Rune"]
[Result "1-0"]
[WhiteElo "1767"]
[BlackElo "1566"]
[PlyCount "103"]
[EventDate "2018.??.??"]

1. d4 d5 2. c4 e6 3. Nc3 Nf6 4. Nf3 c6 5. e3 Bb4 6. a3 Bxc3+ 7. bxc3 O-O 8.
cxd5 exd5 9. c4 Bf5 10. Qb3 Qb6 11. Qxb6 axb6 12. cxd5 Nxd5 13. Bc4 Nf6 14. O-O
Nbd7 15. Bb2 b5 16. Bb3 Nb6 17. Rfe1 Rfe8 18. Nd2 Na4 19. Bxa4 Rxa4 20. f3 Be6
21. e4 Rd8 22. Kf2 Raa8 23. Re3 c5 24. d5 Nxd5 25. exd5 Rxd5 26. Bc1 c4 27. Rb1
Rad8 28. Ne4 Bf5 29. Bb2 Bg6 30. Rbe1 f5 31. Nc3 Rd2+ 32. R1e2 Rxe2+ 33. Rxe2
Be8 34. Ke3 Bc6 35. Rd2 Re8+ 36. Kf4 g6 37. Nd5 Kf7 38. Nf6 Ra8 39. Nd7 Re8 40.
Ne5+ Kf8 41. Bc3 Kg8 42. Rd6 Rc8 43. h4 Be8 44. Nd7 Kf7 45. Nf6 h6 46. Nxe8
Rxe8 47. Rf6+ Kg7 48. Rb6+ Kf7 49. Rxb7+ Re7 50. Rxb5 Ra7 51. Ba5 Re7 52. Rc5
1-0

[Event "European Senior Chess Championship 2018"]
[Site "Drammen, Norway"]
[Date "2018.08.03"]
[Round "5"]
[White "Frimanslund, Berge"]
[Black "Kopperud, Vidar Aleksander"]
[Result "0-1"]
[WhiteElo "1521"]
[BlackElo "1742"]
[PlyCount "70"]
[EventDate "2018.??.??"]

1. d4 Nf6 2. c4 e6 3. a3 b6 4. Nc3 Bb7 5. e3 Be7 6. Nf3 O-O 7. Be2 d6 8. O-O
Ne4 9. Nxe4 Bxe4 10. Nd2 Bb7 11. e4 Nd7 12. f4 f5 13. d5 exd5 14. exd5 Bf6 15.
Nf3 Nc5 16. Ng5 h6 17. Nf3 a5 18. Nd4 Bxd4+ 19. Qxd4 Nb3 20. Qc3 Nxa1 21. Bd2
Qf6 22. Qg3 Nc2 23. Bc3 Qe7 24. Kh1 c5 25. Bd3 Nd4 26. Re1 Qd7 27. Bxd4 cxd4
28. Re6 Kh8 29. Qh3 Rae8 30. Bxf5 Rxe6 31. Bxe6 Qe7 32. Qg4 Qf6 33. g3 d3 34.
b4 d2 35. f5 Qa1+
0-1

[Event "European Senior Chess Championship 2018"]
[Site "Drammen, Norway"]
[Date "2018.08.03"]
[Round "5"]
[White "Lie, Bjorn"]
[Black "Lillebo, Hakon"]
[Result "1/2-1/2"]
[WhiteElo "1551"]
[BlackElo "1637"]
[PlyCount "127"]
[EventDate "2018.??.??"]

1. d4 d5 2. c4 c6 3. cxd5 cxd5 4. Nc3 Nf6 5. Nf3 e6 6. Bf4 b6 7. e3 Be7 8. Rc1
O-O 9. Bd3 Ba6 10. O-O Bxd3 11. Qxd3 Nh5 12. Bxb8 Rxb8 13. Ne5 Qe8 14. Nb5 Rb7
15. Rc2 f6 16. Nc6 a6 17. Nxe7+ Qxe7 18. Nc3 f5 19. Qxa6 f4 20. Qe2 f3 21. gxf3
Qh4 22. Kh1 Rbf7 23. f4 Qh3 24. Rg1 Nxf4 25. exf4 Rxf4 26. Rg3 Qf5 27. Qe5 Qxe5
28. dxe5 Rxf2 29. Rxf2 Rxf2 30. Na4 Re2 31. Nxb6 Rxb2 32. Nd7 Rxa2 33. Rf3 h6
34. Rf8+ Kh7 35. Re8 Ra7 36. Re7 Kh8 37. Re8+ Kh7 38. Nc5 Kg6 39. Rxe6+ Kf5 40.
Re8 Ra5 41. Nb7 Ra7 42. Re7 Kf4 43. Kg2 d4 44. e6 Ke5 45. Rxg7 Ra2+ 46. Kf3
Ra3+ 47. Kg4 Kxe6 48. Rg6+ Kd5 49. Rxh6 Ra7 50. Na5 Rf7 51. Nc6 d3 52. Nb4+ Kd4
53. Nxd3 Kxd3 54. Kg5 Ke4 55. h4 Rf5+ 56. Kg6 Kf4 57. Rh7 Kg4 58. Ra7 Rb5 59.
Ra4+ Kg3 60. h5 Rb6+ 61. Kg7 Rb7+ 62. Kg6 Rb6+ 63. Kf7 Rb7+ 64. Kg6
1/2-1/2

[Event "European Senior Chess Championship 2018"]
[Site "Drammen, Norway"]
[Date "2018.08.03"]
[Round "5"]
[White "Evensen, Per-Erik"]
[Black "Warstad, Leif E"]
[Result "1/2-1/2"]
[WhiteElo "1447"]
[BlackElo "1564"]
[PlyCount "39"]
[EventDate "2018.??.??"]

1. d4 Nf6 2. Nf3 d5 3. c4 e6 4. Nc3 Be7 5. Bf4 Nbd7 6. e3 O-O 7. Bd3 c5 8. cxd5
exd5 9. dxc5 Nxc5 10. Be2 b6 11. O-O Bb7 12. Nd4 Ne6 13. Nxe6 fxe6 14. Be5 Rc8
15. Nb5 a6 16. Nd4 Qd7 17. Qb3 b5 18. Rac1 Rxc1 19. Rxc1 Bd6 20. Bxd6
1/2-1/2

[Event "European Senior Chess Championship 2018"]
[Site "Drammen, Norway"]
[Date "2018.08.03"]
[Round "5"]
[White "Syvertsen, Finn"]
[Black "Larsen, Per Magnus"]
[Result "1/2-1/2"]
[WhiteElo "1426"]
[BlackElo "1322"]
[PlyCount "73"]
[EventDate "2018.??.??"]

1. e4 e6 2. d4 d5 3. e5 c5 4. c3 Nc6 5. Bb5 Bd7 6. Bxc6 Bxc6 7. Nf3 h6 8. O-O
Ne7 9. dxc5 Rc8 10. Nd4 Bd7 11. b4 b6 12. Nb3 bxc5 13. Nxc5 Nf5 14. Nxd7 Qxd7
15. a4 Be7 16. a5 O-O 17. Qg4 d4 18. cxd4 Bxb4 19. d5 Bc5 20. dxe6 fxe6 21. Rd1
Qc7 22. Bb2 Qf7 23. Qf3 Nh4 24. Qxf7+ Rxf7 25. Rd2 Bxf2+ 26. Rxf2 Rxf2 27. Kxf2
Rc2+ 28. Kg3 Nf5+ 29. Kh3 Rxb2 30. Na3 h5 31. Rb1 g5 32. g4 hxg4+ 33. Kxg4 Rxh2
34. Kxg5 Ne3 35. Kf6 Rh6+ 36. Ke7 Nf5+ 37. Kd7
1/2-1/2

[Event "European Senior Chess Championship 2018"]
[Site "Drammen, Norway"]
[Date "2018.08.03"]
[Round "6"]
[White "Biro, Sandor"]
[Black "Sielicki, Tomasz"]
[Result "1/2-1/2"]
[WhiteElo "2193"]
[BlackElo "1956"]
[PlyCount "22"]
[EventDate "2018.??.??"]

1. e4 e5 2. Nc3 Nf6 3. g3 d5 4. exd5 Nxd5 5. Bg2 Nxc3 6. bxc3 Nc6 7. Nf3 Bc5 8.
O-O O-O 9. Re1 Re8 10. d4 Bg4 11. Qd3 exd4
1/2-1/2

[Event "European Senior Chess Championship 2018"]
[Site "Drammen, Norway"]
[Date "2018.08.03"]
[Round "6"]
[White "Eriksen, Terje"]
[Black "Edvardsen, Ragnar"]
[Result "0-1"]
[WhiteElo "2142"]
[BlackElo "1969"]
[PlyCount "104"]
[EventDate "2018.??.??"]

1. c4 e5 2. Nc3 c5 3. g3 g6 4. Bg2 Bg7 5. e3 Nc6 6. Nge2 Nge7 7. a3 d6 8. O-O
O-O 9. d3 Rb8 10. Rb1 a6 11. b4 b6 12. b5 axb5 13. Rxb5 Ba6 14. Rb1 f5 15. Nb5
Kh8 16. Nec3 Bxb5 17. cxb5 Na5 18. Nd5 Nxd5 19. Bxd5 h5 20. h4 Qc7 21. Bd2 Nb7
22. Bc3 Nd8 23. Qd2 Qe7 24. f4 Ne6 25. Qe2 Kh7 26. Ba1 Nc7 27. Bc6 Ne8 28. d4
exf4 29. exf4 Nf6 30. Rfe1 Qa7 31. Qf3 Rf7 32. Rbd1 Qa4 33. Re6 Ng4 34. dxc5
Bxa1 35. Rxa1 Qd4+ 36. Kg2 Qxa1 37. cxd6 Qd4 38. d7 Rxd7 39. Bxd7 Qxd7 40. Qe2
Rb7 41. Rc6 Qd5+ 42. Kg1 Qd4+ 43. Kg2 Qe4+ 44. Qxe4 fxe4 45. Re6 e3 46. Kf3 Kg7
47. Rc6 Kf7 48. Ke2 Ra7 49. Rxb6 Rxa3 50. Ra6 Rb3 51. b6 Rb2+ 52. Kd3 e2
0-1

[Event "European Senior Chess Championship 2018"]
[Site "Drammen, Norway"]
[Date "2018.08.03"]
[Round "6"]
[White "Harstad, Christian"]
[Black "Jensen, Thore Nyboe"]
[Result "0-1"]
[WhiteElo "1985"]
[BlackElo "2083"]
[PlyCount "100"]
[EventDate "2018.??.??"]

1. d4 Nf6 2. c4 e6 3. Nc3 Bb4 4. Qc2 c5 5. dxc5 Na6 6. a3 Bxc3+ 7. Qxc3 Nxc5 8.
b4 Nce4 9. Qb2 d5 10. c5 d4 11. f3 Nc3 12. Bf4 Qd5 13. Bd2 Na4 14. Qc2 Bd7 15.
Rd1 O-O-O 16. e4 dxe3 17. Bc3 Qh5 18. Rxd7 Nxc3 19. Rxd8+ Rxd8 20. Qxc3 Nd5 21.
Qd4 e5 22. Qg4+ Qxg4 23. fxg4 Nc3 24. Be2 Rd2 25. g3 Ra2 26. Kf1 Rxa3 27. Kg2
e4 28. Bc4 Ra4 29. Nh3 Rxb4 30. Bxf7 Rb2+ 31. Kf1 a5 32. Nf4 a4 33. Kg1 a3 34.
h4 Kc7 35. Rh2 Rb1+ 36. Kg2 e2 37. Nxe2 Nxe2 38. Kf2 Nc3 39. Ke3 Rb2 40. Rh1 a2
41. Bxa2 Rxa2 42. Rf1 Kc6 43. Rf7 Re2+ 44. Kd4 Nb5+ 45. Ke5 e3 46. Ke4 Rf2 47.
Re7 e2 48. Kd3 Kxc5 49. Kd2 Nd4 50. Ke1 Rf1+
0-1

[Event "European Senior Chess Championship 2018"]
[Site "Drammen, Norway"]
[Date "2018.08.03"]
[Round "6"]
[White "Kirppo, Ronny"]
[Black "Andersson, Kjell-Ake"]
[Result "1-0"]
[WhiteElo "1885"]
[BlackElo "1940"]
[PlyCount "85"]
[EventDate "2018.??.??"]

1. d4 Nf6 2. c4 e6 3. Nf3 Bb4+ 4. Bd2 Qe7 5. Nc3 O-O 6. Qc2 d6 7. a3 Bxc3 8.
Bxc3 Nc6 9. e4 e5 10. dxe5 dxe5 11. Be2 Bg4 12. O-O Rad8 13. Rad1 Bxf3 14. Bxf3
Nd4 15. Bxd4 exd4 16. e5 Qxe5 17. Rfe1 Qd6 18. c5 Qf4 19. Bxb7 c6 20. Bxc6 Ng4
21. g3 Qh6 22. Bg2 Qxh2+ 23. Kf1 Qh5 24. Qc4 Qf5 25. Qe2 Ne3+ 26. Kg1 Nxd1 27.
Rxd1 Qxc5 28. Be4 Rfe8 29. Qf3 Re6 30. Qd3 h6 31. Kg2 a5 32. Rd2 Qe5 33. Bf3
Rb6 34. Qc4 d3 35. b3 Qb5 36. Qc7 Rbd6 37. Qc3 Rb8 38. b4 axb4 39. axb4 Qxb4
40. Rxd3 Qxc3 41. Rxc3 Rd2 42. Be4 Rbb2 43. Rc8+
1-0

[Event "European Senior Chess Championship 2018"]
[Site "Drammen, Norway"]
[Date "2018.08.03"]
[Round "6"]
[White "Stubrud, Jan Magne"]
[Black "Johansen, Arild"]
[Result "1/2-1/2"]
[WhiteElo "1667"]
[BlackElo "1935"]
[PlyCount "51"]
[EventDate "2018.??.??"]

1. d4 d5 2. Bf4 Nf6 3. e3 e6 4. Nd2 c5 5. c3 Nc6 6. Bd3 Be7 7. h3 a6 8. a4 b6
9. Ngf3 Bb7 10. O-O O-O 11. b3 Qd7 12. Re1 Rfd8 13. Ne5 Nxe5 14. Bxe5 h6 15.
Rb1 Rac8 16. Qe2 a5 17. f3 Ne8 18. Nf1 Bd6 19. Nh2 f6 20. Bxd6 Qxd6 21. f4 e5
22. Bf5 Rc7 23. Qh5 Bc8 24. Bg6 Re7 25. f5 e4 26. Qh4
1/2-1/2